书目信息 |
| 题名: |
清晰思考
|
|
| 作者: | 帕里什 著 ;郭红梅 译 | |
| 分册: | ||
| 出版信息: | 北京 人民邮电出版社 2024.06 |
|
| 页数: | 295页 | |
| 开本: | 21cm | |
| 丛书名: | ||
| 单 册: | ||
| 中图分类: | B804-49 | |
| 科图分类: | ||
| 主题词: | 思维方法--通俗读物 | |
| 电子资源: | ||
| ISBN: | 978-7-115-63948-6 | |
| 000 | 01349nam0 2200289 450 | |
| 001 | 01125931 | |
| 005 | 20251022153656.90 | |
| 010 | @a978-7-115-63948-6@dCNY69.80 | |
| 100 | @a20240715d2024 em y0chiy0120 ea | |
| 101 | 1 | @achi@ceng |
| 102 | @aCN@b110000 | |
| 105 | @ay z 000yy | |
| 106 | @ar | |
| 200 | 1 | @a清晰思考@9qing xi si kao@e将平凡时刻转化为非凡成果@dClear thinking@eturning ordinary moments into extraordinary results@f(加)沙恩·帕里什(Shane Parrish)著@g郭红梅译@zeng |
| 210 | @a北京@c人民邮电出版社@d2024.06 | |
| 215 | @a295页@d21cm | |
| 300 | @a智元微库 | |
| 305 | @aLatticework Publishing, Inc.通过博达代理公司授权出版 | |
| 330 | @a本书为读者提供了一些工具,可以帮助读者克服那些阻碍自己的力量,让读者得到想要的结果——爱、归属感、成功、财富等。通过书中讲述的一些历史上成功人士的故事和教训,辅以神经科学、行为经济学和心理学的解释,读者能够学会克服自己的无意识反应,摆脱“自动驾驶模式”,从而做出更好的决策。 | |
| 510 | 1 | @aClear thinking@eturning ordinary moments into extraordinary results@zeng |
| 517 | 1 | @a将平凡时刻转化为非凡成果@9jiang ping fan shi ke zhuan hua wei fei fan cheng guo |
| 606 | 0 | @a思维方法@j通俗读物 |
| 690 | @aB804-49@v5 | |
| 701 | 1 | @c(加)@a帕里什@9pa li shen@g(Parrish, Shane)@4著 |
| 702 | 0 | @a郭红梅@9guo hong mei@4译 |
| 801 | 0 | @aCN@c20250910 |
| 905 | @a河南城建学院图书馆@dB804@eP026@ZP026@f1 | |
| 清晰思考:将平凡时刻转化为非凡成果=Clear thinking:turning ordinary moments into extraordinary results/(加)沙恩·帕里什(Shane Parrish)著/郭红梅译.-北京:人民邮电出版社,2024.06 |
| 295页;21cm |
| 智元微库 |
| ISBN 978-7-115-63948-6:CNY69.80 |
| 本书为读者提供了一些工具,可以帮助读者克服那些阻碍自己的力量,让读者得到想要的结果——爱、归属感、成功、财富等。通过书中讲述的一些历史上成功人士的故事和教训,辅以神经科学、行为经济学和心理学的解释,读者能够学会克服自己的无意识反应,摆脱“自动驾驶模式”,从而做出更好的决策。 |
| ● |
| 相关链接 |
|
|
|
正题名:清晰思考
索取号:B804/P026
 
预约/预借
| 序号 | 登录号 | 条形码 | 馆藏地/架位号 | 状态 | 备注 |
| 1 | 1635063 | 216350632 | 社科库509/509社科库 19排3列5层/ [索取号:B804/P026] | 在馆 |